अखंडित अस्मिता / (Record no. 37918)

MARC details
000 -LEADER
fixed length control field 01495nam a22002657a 4500
005 - DATE AND TIME OF LATEST TRANSACTION
control field 20100727134855.0
010 ## - LCCN (DPL NO)
LC control number HIN-89845
020 ## - INTERNATIONAL STANDARD BOOK NUMBER
International Standard Book Number 9788189790721
Terms of availability 200.00
035 ## - SYSTEM CONTROL NUMBER
System control number HN-62191
037 ## - SOURCE OF ACQUISITION
Source of stock number/acquisition DBAD / पैन्सी बुक्स
082 ## - DEWEY DECIMAL CLASSIFICATION NUMBER
Classification number 821
100 ## - MAIN ENTRY--PERSONAL NAME
Personal name भटनागर, शचींद्र
245 ## - TITLE STATEMENT
Title अखंडित अस्मिता /
Statement of responsibility, etc शचींद्र भटनागर
246 ## - VARYING FORM OF TITLE
Title proper/short title Akhandit Asmita
Remainder of title by Shachindra Bhatnagar
260 ## - PUBLICATION, DISTRIBUTION, ETC. (IMPRINT)
Place of publication, distribution, etc बिजनौर (उ.प्र.)
Name of publisher, distributor, etc हिंदी साहित्य निकेतन
Date of publication, distribution, etc 2010
260 ## - PUBLICATION, DISTRIBUTION, ETC. (IMPRINT)
Place of publication, distribution, etc नई दिल्ली
Name of publisher, distributor, etc पैन्सी बुक्स (वितरक)
270 ## - ADDRESS
Address 16, साहित्य विहार
City बिजनौर (उ.प्र.)
Telephone number 01342-263232
Fax number 01342-262375
Electronic mail address giriraj@hindisahityaniketan.com
270 ## - ADDRESS
Address आर.जैड. - 66 A, सोमेश विहार छावला
City नई दिल्ली
Postal code 110071
300 ## - PHYSICAL DESCRIPTION
Extent 164पृ.
Other physical details सचित्र
Dimensions 22सेमी (सजिल्द)
650 ## - SUBJECT ADDED ENTRY--TOPICAL TERM
Topical term following geographic name as entry element हिन्दी कविता
650 ## - SUBJECT ADDED ENTRY--TOPICAL TERM
Topical term following geographic name as entry element Hindi Poetry
942 ## - ADDED ENTRY ELEMENTS (KOHA)
Source of classification or shelving scheme Dewey Decimal Classification
Item type Hindi Books
Classification part 821
Call number suffix भटना
Holdings
Withdrawn status Lost status Not for loan Collection code Home library Current library Date acquired Source of acquisition Cost, normal purchase price Full call number Barcode Copy number Cost, replacement price Koha item type
    Not For Loan Non-fiction D.B.Act.Division D.B.Act.Division 27/07/2010 DBAD / PUB 200.00 821 भटना HN-62191 1 200.00 Hindi Books

© Delhi Public Library
Hit Counter
free hit counter